Tractors / (Record no. 8646)
[ view plain ]
| 000 -LEADER | |
|---|---|
| fixed length control field | 01017nam a2200325 a 4500 |
| 001 - CONTROL NUMBER | |
| JCCL Control Number | 8646 |
| 003 - CONTROL NUMBER IDENTIFIER | |
| JCCL marc code | Bd-JhCC |
| 005 - DATE AND TIME OF LATEST TRANSACTION | |
| control field | 20180228175011.0 |
| 008 - FIXED-LENGTH DATA ELEMENTS--GENERAL INFORMATION | |
| fixed length control field | 180228s1967 r a 001 0 eng d |
| 035 ## - SYSTEM CONTROL NUMBER | |
| system control number | (BD-JhCC)8646 |
| 040 ## - CATALOGING SOURCE | |
| Original cataloging agency | BD-JhCC |
| Modifying agency | BD-JhCC |
| 041 ## - LANGUAGE CODE | |
| Language code of Book | eng |
| 082 ## - DEWEY DECIMAL CLASSIFICATION NUMBER | |
| Classification number | 629.2252 |
| Author mark and Year | GUR1967 |
| 100 1# - MAIN ENTRY--PERSONAL NAME | |
| Personal name | Gurevice, A. |
| 245 10 - TITLE STATEMENT | |
| Title | Tractors / |
| Remainder of title | A. Gurevice and E. Sookin |
| 260 ## - PUBLICATION, DISTRIBUTION, ETC. (IMPRINT) | |
| Place of publication, distribution, etc | Moscow : |
| Name of publisher, distributor, etc | Mir Publishers |
| Date of publication, distribution, etc | 1967. |
| 300 ## - PHYSICAL DESCRIPTION | |
| Pagination | 516 p. : |
| Dimensions | 22 cm. |
| Other physical details | ill. ; |
| 490 1# - SERIES STATEMENT | |
| Series statement | Miscellaneous report / Agricultural Research Institute, Ministry of Agriculture and Natural Resources, Cyprus, |
| International Standard Serial Number | 0253-6749 ; |
| Volume number/sequential designation | 36 |
| 500 ## - GENERAL NOTE | |
| General note | Cover title. |
| 500 ## - GENERAL NOTE | |
| General note | Summary in English and Greek. |
| 504 ## - BIBLIOGRAPHY, ETC. NOTE | |
| Bibliography, etc | Includes Index. |
| 650 #0 - SUBJECT ADDED ENTRY--TOPICAL TERM | |
| Topical term or geographic name as entry element | Agricultural machinery |
| Geographic subdivision | Cyprus. |
| 650 #0 - SUBJECT ADDED ENTRY--TOPICAL TERM | |
| Topical term or geographic name as entry element | Farm tractors |
| Geographic subdivision | Cyprus. |
| 700 1# - ADDED ENTRY--PERSONAL NAME | |
| Personal name | Papayiannis, Chr. |
| 700 1# - ADDED ENTRY--PERSONAL NAME | |
| Personal name | Kjelgaard, W. L. |
| 710 2# - ADDED ENTRY--CORPORATE NAME | |
| Corporate name or jurisdiction name as entry element | Institouto Geōrgikōn Ereunōn (Cyprus). |
| 830 #0 - SERIES ADDED ENTRY--UNIFORM TITLE | |
| Uniform title | Miscellaneous reports ; |
| Volume number/sequential designation | 36. |
| 942 ## - ADDED ENTRY ELEMENTS (KOHA) | |
| Source of classification or shelving scheme | Dewey Decimal Classification |
| Koha item type | Books |
| Source of classification or shelving scheme | Damaged status | Not for loan | Home library | Current library | Shelving location | Date of accession | Total Checkouts | Full call number | Barcode | Date last seen | Copy number | Koha item type |
|---|---|---|---|---|---|---|---|---|---|---|---|---|
| Dewey Decimal Classification | JCC Rouf Library | JCC Rouf Library | General Stacks | 02/28/2018 | 629.2252 GUR1967 | 11089 | 02/28/2018 | C-1 | Books |